ՀՀ Գիտությունների ազգային ակադեմիայի հիմնարար գիտական գրադարան  =   Fundamental Scientific Library of NAS RA

Ուլենշպիգելի և Լամմե Գուդզակի լեգենդը և հերոսական, զվարճալի ու պանծալի արկածները Ֆլանդրիայի երկրում և այլուր = (Record no. 81909)

MARC details
000 -LEADER
fixed length control field 01422nam a2200229 u 4500
001 - CONTROL NUMBER
control field 000232208
003 - CONTROL NUMBER IDENTIFIER
control field AM-YeHGA
005 - DATE AND TIME OF LATEST TRANSACTION
control field 20250618071555.0
008 - FIXED-LENGTH DATA ELEMENTS--GENERAL INFORMATION
fixed length control field 030606s1946 ai r 000 0 arm d
040 ## - CATALOGING SOURCE
Original cataloging agency AM-YeHGA
090 ## - LOCALLY ASSIGNED LC-TYPE CALL NUMBER (OCLC); LOCAL CALL NUMBER (RLIN)
-- 83177
100 1# - MAIN ENTRY--PERSONAL NAME
Personal name Կոստեր, Շառլ դը
245 10 - TITLE STATEMENT
Title Ուլենշպիգելի և Լամմե Գուդզակի լեգենդը և հերոսական, զվարճալի ու պանծալի արկածները Ֆլանդրիայի երկրում և այլուր =
Remainder of title La légende et les aventures héroïques, joyeuses et glorieuses D'Ulenspiegel et De Lamme Goedzak au pays De Flandres et ailleurs /
Statement of responsibility, etc. Շառլ դը Կոստեր; Թարգմ.՝ Վ. Միքայելյան; Խմբ. և առաջաբանը՝ Ավ. Իսահակյանի; Նկ.՝ Վ. Դվորակովսկի, Ռ. Բեդրոսով.
246 31 - VARYING FORM OF TITLE
Title proper/short title La légende et les aventures héroïques, joyeuses et glorieuses D'Ulenspiegel et De Lamme Goedzak au pays De Flandres et ailleurs
260 ## - PUBLICATION, DISTRIBUTION, ETC.
Place of publication, distribution, etc. Երևան :
Name of publisher, distributor, etc. Հայպետհրատ,
Date of publication, distribution, etc. 1946.
300 ## - PHYSICAL DESCRIPTION
Extent 336 էջ :
Other physical details նկ. ;
Dimensions 28 սմ.
650 14 - SUBJECT ADDED ENTRY--TOPICAL TERM
Topical term or geographic name entry element Բելգիական գրականություն
700 1# - ADDED ENTRY--PERSONAL NAME
Personal name Միքայելյան, Վահե Միքայելի,
Dates associated with a name 1900-1967
Relator term թարգմ.
Relationship trl
9 (RLIN) 1704
700 1# - ADDED ENTRY--PERSONAL NAME
Personal name Իսահակյան, Ավետիք Սահակի,
Dates associated with a name 1875-1957
Relator term խմբ.
Relationship edt
Relator term առաջաբան
Relationship aui
9 (RLIN) 963
700 1# - ADDED ENTRY--PERSONAL NAME
Personal name Դվորակովսկի, Վ.
Relator term նկ.
Relationship art
942 ## - ADDED ENTRY ELEMENTS (KOHA)
Source of classification or shelving scheme Universal Decimal Classification
Koha item type Գրքեր / Books
Holdings
Withdrawn status Lost status Damaged status Not for loan Collection Home library Current library Date acquired Total checkouts Full call number Barcode Date last seen Price effective from Koha item type Public note
        General Fundamental Scientific Library Fundamental Scientific Library 22/12/2016   AIII/1499 FL0063244 22/12/2016 22/12/2016 Գրքեր / Books 30 Days Loan
        General Fundamental Scientific Library Fundamental Scientific Library 22/12/2016   AIII/1500 FL0063245 22/12/2016 22/12/2016 Գրքեր / Books 30 Days Loan
        General Fundamental Scientific Library Fundamental Scientific Library 22/12/2016   AIII/1501 FL0063241 22/12/2016 22/12/2016 Գրքեր / Books 30 Days Loan
        General Fundamental Scientific Library Fundamental Scientific Library 22/12/2016   AIII/1502 FL0063242 22/12/2016 22/12/2016 Գրքեր / Books 30 Days Loan
        General Fundamental Scientific Library Fundamental Scientific Library 22/12/2016   AIII/1503 FL0063243 22/12/2016 22/12/2016 Գրքեր / Books 30 Days Loan
        General Fundamental Scientific Library Fundamental Scientific Library 22/12/2016   AIII/1909 FL0067370 22/12/2016 22/12/2016 Գրքեր / Books 30 Days Loan
        General Fundamental Scientific Library Fundamental Scientific Library 22/12/2016   AIII/1910 FL0067367 22/12/2016 22/12/2016 Գրքեր / Books 30 Days Loan
        General Fundamental Scientific Library Fundamental Scientific Library 22/12/2016   AIII/1911 FL0067368 22/12/2016 22/12/2016 Գրքեր / Books 30 Days Loan
        General Fundamental Scientific Library Fundamental Scientific Library 22/12/2016   AIII/1912 FL0067369 22/12/2016 22/12/2016 Գրքեր / Books 30 Days Loan


ՀՀ ԳԱԱ հիմնարար գիտական գրադարան
ՀՀ,Երևան 0019
Մարշալ Բաղրամյան 24/6
հեռախոս:(374-10) 52-47-50
Հետադարձ կապ

All site content, except where otherwise noted, is licensed under a
Creative Commons License